Fundamental Methods of Mathematical Economics. (Record no. 7374)
[ view plain ]
| 000 -LEADER | |
|---|---|
| fixed length control field | 00645nam a22002057a 4500 |
| 003 - CONTROL NUMBER IDENTIFIER | |
| control field | OSt |
| 005 - DATE AND TIME OF LATEST TRANSACTION | |
| control field | 20211025111535.0 |
| 008 - FIXED-LENGTH DATA ELEMENTS--GENERAL INFORMATION | |
| fixed length control field | 211025b ||||| |||| 00| 0 eng d |
| 020 ## - INTERNATIONAL STANDARD BOOK NUMBER | |
| International Standard Book Number | 9780070109100 |
| 040 ## - CATALOGING SOURCE | |
| Transcribing agency | DDC |
| 082 ## - DEWEY DECIMAL CLASSIFICATION NUMBER | |
| Classification number | 330.0151CHI 2004 |
| 100 ## - MAIN ENTRY--PERSONAL NAME | |
| Personal name | Chiang,Alpha C.; Wainwright,Kevin; |
| 9 (RLIN) | 15110 |
| 245 ## - TITLE STATEMENT | |
| Title | Fundamental Methods of Mathematical Economics. |
| Statement of responsibility, etc. | Edited by Chiang,Alpha C. and Wainwright,Kevin; |
| 250 ## - EDITION STATEMENT | |
| Edition statement | 4th Ed. |
| 260 ## - PUBLICATION, DISTRIBUTION, ETC. (IMPRINT) | |
| Place of publication, distribution, etc. | India. |
| Name of publisher, distributor, etc. | McGraw-Hill Education. |
| Date of publication, distribution, etc. | 2004. |
| 300 ## - PHYSICAL DESCRIPTION | |
| Extent | xix,688p; |
| Other physical details | ill; |
| Dimensions | 26cm. |
| 504 ## - BIBLIOGRAPHY, ETC. NOTE | |
| Bibliography, etc | Includes; References and index. |
| 650 ## - SUBJECT ADDED ENTRY--TOPICAL TERM | |
| Topical term or geographic name as entry element | Mathematical Economics. |
| 9 (RLIN) | 15111 |
| 942 ## - ADDED ENTRY ELEMENTS (KOHA) | |
| Source of classification or shelving scheme | Dewey Decimal Classification |
| Koha item type | Open Shelf |
| Withdrawn status | Lost status | Source of classification or shelving scheme | Damaged status | Not for loan | Home library | Current library | Date acquired | Source of acquisition | Inventory number | Total Checkouts | Full call number | Barcode | Date last seen | Price effective from | Koha item type |
|---|---|---|---|---|---|---|---|---|---|---|---|---|---|---|---|
| Dewey Decimal Classification | MUST Main Library | MUST Main Library | 25/10/2021 | Purchase | 21/41575 | 330.0151CHI 2004 | 2021-1518 | 25/10/2021 | 25/10/2021 | Open Shelf |
